000 00598nam a2200181Ia 4500
003 GCL
008 140319s9999 xx 000 0 ara d
040 _aGCL /
_cGCL
082 0 4 _aق
_b916.2
_bا د
100 1 _aاحمد الجلاد
245 1 0 _aدراسة ايكولوجية فى بيئة وجغرافية مصر السياحية /
_cاحمد الجلاد
300 _a311 ص
490 _aالهيئة العامة للاستعلامات
_v0
650 0 4 _aالسياحة فى مصر
650 0 4 _aالسياحة والدولة
650 0 4 _aالجغرافيا - مصر
942 _2ddc
_cBK
999 _c47720
_d47720